[Event "PRAGUE OPEN 2020 - A - IM open"]
[Site "?"]
[Date "2020.01.16"]
[Round "7"]
[White "Nasshan, Dennis"]
[Black "Pniaczek, Marek"]
[Result "1-0"]
[BlackElo "2145"]
[WhiteElo "2307"]
[LiveChessVersion "1.4.8"]

1. d4 {[%clk 1:30:57]} Nf6 {[%clk 1:30:58]} 2. Nf3 {[%clk 1:31:17]} g6
{[%clk 1:31:23]} 3. Bf4 {[%clk 1:27:40]} d6 {[%clk 1:31:18]} 4. h3
{[%clk 1:27:23]} Bg7 {[%clk 1:31:38]} 5. e3 {[%clk 1:27:34]} O-O {[%clk 1:31:33]}
6. Be2 {[%clk 1:27:58]} c5 {[%clk 1:31:55]} 7. c3 {[%clk 1:25:31]} cxd4
{[%clk 1:27:49]} 8. exd4 {[%clk 1:25:13]} Nc6 {[%clk 1:28:01]} 9. O-O
{[%clk 1:23:53]} Nd5 {[%clk 1:28:20]} 10. Bh2 {[%clk 1:13:50]} e5
{[%clk 1:28:22]} 11. Nbd2 {[%clk 1:04:46]} Qe7 {[%clk 1:19:46]} 12. Re1
{[%clk 1:02:46]} Rd8 {[%clk 1:12:42]} 13. Bb5 {[%clk 0:57:09]} f6
{[%clk 1:10:41]} 14. Qb3 {[%clk 0:52:23]} Qf7 {[%clk 1:10:00]} 15. Rad1
{[%clk 0:49:16]} a6 {[%clk 0:59:13]} 16. Bf1 {[%clk 0:44:39]} b5 {[%clk 0:54:45]}
17. a4 {[%clk 0:40:08]} Na5 {[%clk 0:41:50]} 18. Qa3 {[%clk 0:38:46]} Be6
{[%clk 0:38:35]} 19. c4 {[%clk 0:31:27]} Nxc4 {[%clk 0:36:50]} 20. Nxc4
{[%clk 0:31:31]} bxc4 {[%clk 0:37:15]} 21. Bxc4 {[%clk 0:31:53]} a5
{[%clk 0:34:24]} 22. dxe5 {[%clk 0:29:57]} dxe5 {[%clk 0:34:43]} 23. Bxe5
{[%clk 0:29:02]} fxe5 {[%clk 0:25:55]} 24. Ng5 {[%clk 0:27:23]} Qf4
{[%clk 0:25:06]} 25. Nxe6 {[%clk 0:26:37]} Qxc4 {[%clk 0:25:27]} 26. Nxd8
{[%clk 0:26:51]} Rxd8 {[%clk 0:25:52]} 27. Qf3 {[%clk 0:25:37]} Rd7
{[%clk 0:13:19]} 28. Rd2 {[%clk 0:16:04]} Nb6 {[%clk 0:12:27]} 29. Rxd7
{[%clk 0:16:10]} Nxd7 {[%clk 0:12:54]} 30. Qa8+ {[%clk 0:16:29]} Bf8
{[%clk 0:11:35]} 31. Qxa5 {[%clk 0:16:49]} Nc5 {[%clk 0:10:34]} 32. Rxe5
{[%clk 0:10:38]} Nxa4 {[%clk 0:07:22]} 33. Qd2 {[%clk 0:08:26]} Qb3
{[%clk 0:05:20]} 34. Re2 {[%clk 0:07:51]} Nc5 {[%clk 0:03:09]} 35. Re5
{[%clk 0:05:51]} Na4 {[%clk 0:03:34]} 36. Re2 {[%clk 0:06:12]} Nc5
{[%clk 0:04:00]} 37. Qc2 {[%clk 0:05:07]} Qd5 {[%clk 0:03:38]} 38. Rd2
{[%clk 0:05:11]} Qe6 {[%clk 0:00:39]} 39. Re2 {[%clk 0:04:50]} Qd5
{[%clk 0:01:05]} 40. Rd2 {[%clk 0:04:04]} Qe6 {[%clk 0:01:07]} 41. b4
{[%clk 0:24:35]} Na6 {[%clk 0:22:47]} 42. b5 {[%clk 0:24:29]} Qe1+
{[%clk 0:23:12]} 43. Kh2 {[%clk 0:24:24]} Qe5+ {[%clk 0:23:39]} 44. g3
{[%clk 0:23:57]} Qxb5 {[%clk 0:24:06]} 45. Qa2+ {[%clk 0:23:58]} Kg7
{[%clk 0:18:10]} 46. Qe6 {[%clk 0:20:33]} Nc5 {[%clk 0:16:07]} 47. Qe5+
{[%clk 0:20:55]} Kg8 {[%clk 0:13:22]} 48. Qd5+ {[%clk 0:17:17]} Kg7
{[%clk 0:12:23]} 49. Qe5+ {[%clk 0:17:39]} Kg8 {[%clk 0:12:49]} 50. Rd8
{[%clk 0:17:49]} Qc6 {[%clk 0:12:33]} 51. Qe7 {[%clk 0:16:03]} Ne6
{[%clk 0:07:32]} 52. Re8 {[%clk 0:16:03]} Qxe8 {[%clk 0:07:23]} 53. Qxe8
{[%clk 0:16:32]} Nc5 {[%clk 0:07:44]} 54. h4 {[%clk 0:15:33]} Kg7
{[%clk 0:08:10]} 55. h5 {[%clk 0:14:55]} gxh5 {[%clk 0:08:39]} 56. Qxh5
{[%clk 0:15:03]} Be7 {[%clk 0:08:45]} 57. Qe5+ {[%clk 0:14:57]} Kf7
{[%clk 0:09:00]} 58. Qh8 {[%clk 0:14:57]} Kg6 {[%clk 0:09:14]} 59. Qg8+
{[%clk 0:15:25]} Kh6 {[%clk 0:09:39]} 60. Kh3 {[%clk 0:15:31]} 1-0

[Event "PRAGUE OPEN 2020 - A - IM open"]
[Site "?"]
[Date "2020.01.16"]
[Round "7"]
[White "Pavlidou, Ekaterini"]
[Black "Siddharth, Jagadeesh"]
[Result "1-0"]
[BlackElo "2301"]
[WhiteElo "2160"]
[LiveChessVersion "1.4.8"]

1. d4 {[%clk 1:28:41]} Nf6 {[%clk 1:29:49]} 2. c4 {[%clk 1:28:28]} e6
{[%clk 1:30:08]} 3. Nc3 {[%clk 1:28:33]} Bb4 {[%clk 1:30:17]} 4. e3
{[%clk 1:28:46]} O-O {[%clk 1:30:38]} 5. Bd2 {[%clk 1:29:08]} b6 {[%clk 1:30:58]}
6. Nf3 {[%clk 1:29:05]} Bb7 {[%clk 1:31:19]} 7. Bd3 {[%clk 1:28:03]} d5
{[%clk 1:29:16]} 8. cxd5 {[%clk 1:28:09]} exd5 {[%clk 1:29:36]} 9. Rc1
{[%clk 1:28:13]} a6 {[%clk 1:29:43]} 10. O-O {[%clk 1:28:23]} Nbd7
{[%clk 1:30:06]} 11. Ne5 {[%clk 1:26:07]} Bd6 {[%clk 1:28:46]} 12. f4
{[%clk 1:25:45]} Ne4 {[%clk 1:28:12]} 13. Be1 {[%clk 1:20:03]} Qe7
{[%clk 1:17:34]} 14. Qf3 {[%clk 1:16:57]} Ndf6 {[%clk 1:03:43]} 15. Bh4
{[%clk 1:14:32]} h6 {[%clk 0:54:51]} 16. Rc2 {[%clk 1:02:47]} c5 {[%clk 0:43:46]}
17. g4 {[%clk 1:00:07]} Qc7 {[%clk 0:34:54]} 18. g5 {[%clk 0:32:13]} hxg5
{[%clk 0:33:33]} 19. fxg5 {[%clk 0:31:48]} Bxe5 {[%clk 0:31:12]} 20. gxf6
{[%clk 0:30:37]} Bxf6 {[%clk 0:28:18]} 21. Bxf6 {[%clk 0:30:49]} Nxf6
{[%clk 0:28:46]} 22. Qxf6 {[%clk 0:30:22]} gxf6 {[%clk 0:28:36]} 23. Rg2+
{[%clk 0:30:48]} Kh8 {[%clk 0:28:57]} 24. Rf5 {[%clk 0:31:08]} 1-0

[Event "PRAGUE OPEN 2020 - A - IM open"]
[Site "Praha, Olympik hotel"]
[Date "2020.01.15"]
[Round "7"]
[White "LLOPIS DE AYSA, Manuel"]
[Black "VORISEK, Jakub"]
[Result "1-0"]
[WhiteElo "2066"]
[BlackElo "2229"]
[PlyCount "65"]
[EventDate "2020.01.10"]

1. d4 d5 2. c4 e6 3. Nf3 c5 4. cxd5 exd5 5. Nc3 Nc6 6. dxc5 d4 7. Na4 Bxc5 8.
Nxc5 Qa5+ 9. Bd2 Qxc5 10. Rc1 Qb6 11. e3 Qxb2 12. Bc4 Nf6 13. Rb1 Qa3 14. Nxd4
Bg4 15. f3 Nxd4 16. exd4 O-O 17. fxg4 Rfe8+ 18. Kf1 Ne4 19. Bb4 Qe3 20. Qf3
Qxd4 21. Bxf7+ Kh8 22. Bxe8 Rxe8 23. h4 a5 24. Bxa5 Qc4+ 25. Kg1 Qc5+ 26. Kh2
Qe5+ 27. g3 Qxa5 28. Rbe1 Qe5 29. Rhf1 h5 30. gxh5 Kg8 31. Re2 Kh8 32. Rfe1 Nd2
33. Qg2 1-0

[Event "PRAGUE OPEN 2020 - A - IM open"]
[Site "Praha, Olympik hotel"]
[Date "2020.01.15"]
[Round "7"]
[White "PRIBYLOVA, Sofie"]
[Black "LAVERTON, Christian"]
[Result "1/2-1/2"]
[WhiteElo "2156"]
[BlackElo "2109"]
[PlyCount "65"]
[EventDate "2020.01.10"]

1. Nf3 d5 2. c4 c6 3. b3 Nf6 4. Bb2 Bg4 5. e3 Nbd7 6. Be2 e6 7. Nc3 h6 8. d4
Bd6 9. Qc2 Bf5 10. Bd3 Bxd3 11. Qxd3 O-O 12. O-O a5 13. Rad1 Qe7 14. e4 dxe4
15. Nxe4 Nxe4 16. Qxe4 a4 17. Rfe1 axb3 18. axb3 Ra2 19. Bc3 Bb4 20. Qd3 Bxc3
21. Qxc3 Qa3 22. d5 Qc5 23. Qe3 Qxe3 24. Rxe3 cxd5 25. cxd5 exd5 26. Rxd5 Ra1+
27. Re1 Rxe1+ 28. Nxe1 Re8 29. Kf1 Nf6 30. Rb5 Ne4 31. f3 Nd6 32. Rb6 Rd8 33.
Ke2 1/2-1/2

[Event "PRAGUE OPEN 2020 - A - IM open"]
[Site "Praha, Olympik hotel"]
[Date "2020.01.15"]
[Round "7"]
[White "HRBEK, Stepan"]
[Black "ZEMLICKA, Vit"]
[Result "1-0"]
[WhiteElo "2126"]
[BlackElo "1935"]
[PlyCount "53"]
[EventDate "2020.01.10"]

1. e4 g6 2. d4 Bg7 3. Nf3 d6 4. Bc4 Nf6 5. Qe2 O-O 6. e5 dxe5 7. dxe5 Nd5 8.
O-O c6 9. h3 a5 10. a4 Na6 11. Rd1 Nac7 12. b3 Bd7 13. Bb2 e6 14. Nbd2 b5 15.
axb5 cxb5 16. Bxd5 Nxd5 17. Ne4 Qc7 18. c4 bxc4 19. bxc4 f5 20. cxd5 fxe4 21.
Qxe4 Qb7 22. Ba3 exd5 23. Qd4 Rfe8 24. Rab1 Qa7 25. Bc5 Qa6 26. Rb6 Qe2 27.
Qxd5+ 1-0

[Event "PRAGUE OPEN 2020 - A - IM open"]
[Site "Praha, Olympik hotel"]
[Date "2020.01.15"]
[Round "7"]
[White "ORTOFT, Kai"]
[Black "ERIKSSON, Christian Altenburg"]
[Result "1/2-1/2"]
[WhiteElo "1963"]
[BlackElo "2121"]
[PlyCount "37"]
[EventDate "2020.01.10"]

1. d4 d5 2. Nf3 Nf6 3. Bf4 c5 4. e3 Nc6 5. c3 Qb6 6. Qb3 c4 7. Qxb6 axb6 8. Na3
Ra5 9. Bc7 Ra6 10. Nb5 Bf5 11. Bf4 Kd7 12. Ne5+ Nxe5 13. dxe5 Nh5 14. Nd4 Nxf4
15. exf4 e6 16. Nxf5 exf5 17. a3 Bc5 18. O-O-O Ke6 19. Rd2 1/2-1/2

[Event "PRAGUE OPEN 2020 - A - IM open"]
[Site "Praha, Olympik hotel"]
[Date "2020.01.15"]
[Round "7"]
[White "OTRUBA, Marek"]
[Black "FISER, Jiri"]
[Result "1-0"]
[WhiteElo "2091"]
[BlackElo "1935"]
[PlyCount "47"]
[EventDate "2020.01.10"]

1. e4 c5 2. Nf3 Nc6 3. d4 cxd4 4. Nxd4 e5 5. Nb5 d6 6. N5c3 a6 7. Na3 b5 8. Nd5
Be7 9. c4 b4 10. Nc2 Rb8 11. Be2 Nf6 12. Qd3 O-O 13. O-O a5 14. Rd1 Nxd5 15.
exd5 Nd4 16. Nxd4 exd4 17. Bf4 Rb7 18. Qxd4 Bf6 19. Qd2 Re8 20. Bf3 Bf5 21. c5
dxc5 22. d6 Be4 23. Bxe4 Rxe4 24. Qd5 1-0

[Event "PRAGUE OPEN 2020 - A - IM open"]
[Site "Praha, Olympik hotel"]
[Date "2020.01.15"]
[Round "7"]
[White "NGUYEN, Thai Dai Vinh"]
[Black "NAHORNYI, Ihor"]
[Result "1-0"]
[WhiteElo "1953"]
[BlackElo "2074"]
[PlyCount "55"]
[EventDate "2020.01.10"]

1. e4 c5 2. Nf3 e6 3. d4 cxd4 4. Nxd4 a6 5. c4 Nf6 6. Nc3 Qc7 7. a3 Nc6 8. Be3
d6 9. Be2 g6 10. O-O Bg7 11. f3 O-O 12. Qd2 Rd8 13. Rac1 Qe7 14. Rfd1 Ne5 15.
b4 Bd7 16. Nb3 Be8 17. f4 Nc6 18. b5 axb5 19. cxb5 Na7 20. a4 Rdc8 21. Bf3 Nd7
22. e5 d5 23. Bxa7 Rxc3 24. Rxc3 Rxa7 25. Qd4 Ra8 26. Rc7 Qa3 27. Qc3 Qxa4 28.
Ra1 1-0

[Event "PRAGUE OPEN 2020 - A - IM open"]
[Site "Praha, Olympik hotel"]
[Date "2020.01.15"]
[Round "7"]
[White "AIRD, Ian"]
[Black "MINDL, Josef"]
[Result "1/2-1/2"]
[WhiteElo "1857"]
[BlackElo "1990"]
[PlyCount "27"]
[EventDate "2020.01.10"]

1. Nf3 Nf6 2. d4 g6 3. g3 Bg7 4. Bg2 O-O 5. O-O d6 6. Re1 Nbd7 7. e4 e5 8. c3
Re8 9. Nbd2 a6 10. Qc2 d5 11. exd5 Nxd5 12. dxe5 Nxe5 13. Nxe5 Bxe5 14. Rxe5
1/2-1/2

[Event "PRAGUE OPEN 2020 - A - IM open"]
[Site "Praha, Olympik hotel"]
[Date "2020.01.15"]
[Round "7"]
[White "GRICHKEVITCH, Gilles"]
[Black "HERTLEIN, Irena"]
[Result "0-1"]
[WhiteElo "1985"]
[BlackElo "1825"]
[PlyCount "56"]
[EventDate "2020.01.10"]

1. e4 d5 2. exd5 Qxd5 3. Nc3 Qd6 4. d4 Nf6 5. Nf3 c6 6. Ne5 Nbd7 7. f4 Nb6 8.
Be2 g6 9. g4 Bg7 10. g5 Nfd7 11. Ne4 Qc7 12. c4 Nxe5 13. dxe5 Be6 14. Qc2 O-O-O
15. Be3 h6 16. h4 Bf5 17. Bf3 hxg5 18. hxg5 Rxh1+ 19. Bxh1 f6 20. exf6 exf6 21.
gxf6 Bxf6 22. a4 Qh7 23. Bf3 Bd4 24. Bxd4 Rxd4 25. a5 Bxe4 26. Bxe4 Qh4+ 27.
Ke2 Qxf4 28. Bxg6 Qe5+ 0-1

[Event "PRAGUE OPEN 2020 - A - IM open"]
[Site "Praha, Olympik hotel"]
[Date "2020.01.15"]
[Round "7"]
[White "SHEHZAD, Alisha"]
[Black "BACAK, Petr"]
[Result "0-1"]
[WhiteElo "1696"]
[BlackElo "1930"]
[PlyCount "50"]
[EventDate "2020.01.10"]

1. e4 c5 2. Nf3 d6 3. Bb5+ Nd7 4. O-O Ngf6 5. Re1 a6 6. Bf1 g6 7. d4 cxd4 8.
Nxd4 Bg7 9. c4 O-O 10. Nc3 Ne5 11. b3 Nc6 12. Nxc6 bxc6 13. Bb2 Qa5 14. Qc2 Ng4
15. Ne2 Qc5 16. Nf4 Nxf2 17. Qxf2 Qxf2+ 18. Kxf2 Bxb2 19. Rad1 a5 20. Rd3 Be5
21. g3 f5 22. exf5 Bxf5 23. Rf3 Bg4 24. Rd3 g5 25. h3 Bc8 0-1

[Event "PRAGUE OPEN 2020 - A - IM open"]
[Site "Praha, Olympik hotel"]
[Date "2020.01.15"]
[Round "7"]
[White "PAVLICEK, Petr"]
[Black "VAIBHAV, Kalpaka"]
[Result "1/2-1/2"]
[WhiteElo "1924"]
[BlackElo "1652"]
[PlyCount "45"]
[EventDate "2020.01.10"]

1. Nf3 Nf6 2. d4 e6 3. c4 d5 4. g3 Be7 5. Bg2 O-O 6. O-O dxc4 7. Qc2 a6 8. a4
Bd7 9. Qxc4 Bc6 10. Rd1 a5 11. Nc3 Na6 12. Bf4 Bd5 13. Nxd5 Nxd5 14. Bd2 c6 15.
Rac1 Nab4 16. e4 Nb6 17. Qb3 Bd6 18. Be3 h6 19. Rd2 Nd7 20. Ne1 Qe7 21. Nd3
Rfd8 22. e5 Bc7 23. Nxb4 1/2-1/2

[Event "PRAGUE OPEN 2020 - A - IM open"]
[Site "Praha, Olympik hotel"]
[Date "2020.01.15"]
[Round "7"]
[White "HUSA, Daniel"]
[Black "JAHODA, Ladislav"]
[Result "1/2-1/2"]
[WhiteElo "1841"]
[BlackElo "1890"]
[PlyCount "32"]
[EventDate "2020.01.10"]

1. d4 f5 2. Qd3 d5 3. Nf3 Nf6 4. c4 e6 5. Nc3 Be7 6. g3 O-O 7. Bg2 c6 8. O-O
Ne4 9. Nd2 Nf6 10. b3 Nbd7 11. Bb2 a6 12. a4 Qe8 13. Ba3 Bxa3 14. Rxa3 Qh5 15.
f3 Qh6 16. f4 Kh8 1/2-1/2

[Event "PRAGUE OPEN 2020 - A - IM open"]
[Site "Praha, Olympik hotel"]
[Date "2020.01.15"]
[Round "7"]
[White "BRHEL, Jan"]
[Black "PASCOT, Jean"]
[Result "1-0"]
[WhiteElo "2056"]
[BlackElo "1809"]
[PlyCount "51"]
[EventDate "2020.01.10"]

1. e4 e5 2. Nf3 Nc6 3. d4 exd4 4. Nxd4 g6 5. Nc3 Bg7 6. Be3 Nge7 7. Qd2 a6 8.
O-O-O b5 9. Nxc6 Nxc6 10. Bg5 Bxc3 11. bxc3 f6 12. Bh6 Qe7 13. f4 Rb8 14. Kb2
b4 15. Ka1 Na5 16. Qd5 Nc6 17. Qd2 Na5 18. Qd5 Nc6 19. e5 bxc3 20. exf6 Qe6 21.
Bc4 Kf7 22. Rhe1 Nb4 23. Qe4 d5 24. Rxd5 Qxe4 25. Rd7+ Kxf6 26. Rf7# 1-0

[Event "PRAGUE OPEN 2020 - A - IM open"]
[Site "Praha, Olympik hotel"]
[Date "2020.01.15"]
[Round "7"]
[White "ROMANESCO, Roel"]
[Black "DAY, Tobias"]
[Result "1-0"]
[WhiteElo "1856"]
[BlackElo "1780"]
[PlyCount "59"]
[EventDate "2020.01.10"]

1. e4 c5 2. d4 cxd4 3. c3 d3 4. Bxd3 d6 5. c4 Nc6 6. Nc3 g6 7. h3 Bg7 8. Nf3
Nf6 9. O-O O-O 10. Be3 b6 11. Rc1 Ba6 12. b3 Rc8 13. Bb1 Nd7 14. Nh2 Na5 15.
Nd5 Bb7 16. f4 e6 17. Nc3 Qe7 18. Qe2 Ba6 19. Nf3 Rc7 20. f5 Bxc3 21. Rxc3 exf5
22. exf5 d5 23. fxg6 hxg6 24. Qd2 dxc4 25. Re1 Qd8 26. Bg5 Qc8 27. Be7 Re8 28.
Qh6 Rxe7 29. Rxe7 Qf8 30. Qe3 1-0

[Event "PRAGUE OPEN 2020 - B - FIDE open"]
[Site "Praha, Olympik hotel"]
[Date "2020.01.15"]
[Round "7"]
[White "KUSAK, Lubomir"]
[Black "TREFILIK, Jiri"]
[Result "1-0"]
[WhiteElo "1767"]
[BlackElo "1585"]
[PlyCount "57"]
[EventDate "2020.01.10"]

1. c4 e5 2. Nc3 Nc6 3. g3 f5 4. Bg2 Nf6 5. e3 Bc5 6. a3 a5 7. Nge2 d6 8. d4 Bb6
9. O-O O-O 10. d5 Ne7 11. Bd2 Qe8 12. Na4 Ba7 13. b4 axb4 14. axb4 Bd7 15. Nac3
Qh5 16. Nc1 Qxd1 17. Rxd1 f4 18. Nd3 fxe3 19. fxe3 Ng4 20. c5 Bf5 21. e4 Bg6
22. Nb5 c6 23. Nxa7 Rfd8 24. Bg5 Nf6 25. cxd6 Rxd6 26. Nxe5 Be8 27. Nc4 Rdd8
28. d6 Ng6 29. e5 1-0

[Event "PRAGUE OPEN 2020 - B - FIDE open"]
[Site "Praha, Olympik hotel"]
[Date "2020.01.15"]
[Round "7"]
[White "PFLANTZ, Mike"]
[Black "PINKAS, Jiri"]
[Result "1-0"]
[WhiteElo "1927"]
[BlackElo "1746"]
[PlyCount "40"]
[EventDate "2020.01.10"]

1. d4 Nf6 2. c4 g6 3. Nc3 Bg7 4. e4 d6 5. Nf3 O-O 6. h3 c5 7. d5 Na6 8. Bd3 Nc7
9. O-O a6 10. Re1 e6 11. a4 exd5 12. cxd5 b6 13. Bf4 Nh5 14. Bh2 Bh6 15. Bf1
Nf4 16. Kh1 f5 17. e5 dxe5 18. Rxe5 g5 19. Bxf4 gxf4 20. d6 Ne8 1-0

[Event "PRAGUE OPEN 2020 - B - FIDE open"]
[Site "Praha, Olympik hotel"]
[Date "2020.01.15"]
[Round "7"]
[White "BJORNES, Leif"]
[Black "ARSH, Shah"]
[Result "1/2-1/2"]
[WhiteElo "1857"]
[BlackElo "1459"]
[PlyCount "38"]
[EventDate "2020.01.10"]

1. d4 d5 2. c4 e6 3. Nc3 Nf6 4. Bg5 Be7 5. e3 h6 6. Bh4 O-O 7. Nf3 Nbd7 8. Qc2
a6 9. Rc1 dxc4 10. Bxc4 b5 11. Be2 Bb7 12. O-O Rc8 13. Rfd1 c5 14. Qd2 Qb6 15.
Qe1 Rfd8 16. dxc5 Bxc5 17. Nd4 Bxd4 18. Rxd4 Qc5 19. Rcd1 Qc7 1/2-1/2

[Event "PRAGUE OPEN 2020 - B - FIDE open"]
[Site "Praha, Olympik hotel"]
[Date "2020.01.15"]
[Round "7"]
[White "ANYA, Seth Syed"]
[Black "KLIMEK, Petr"]
[Result "1/2-1/2"]
[WhiteElo "1395"]
[BlackElo "1844"]
[PlyCount "53"]
[EventDate "2020.01.10"]

1. e4 e6 2. d4 d5 3. Bd3 c5 4. exd5 Qxd5 5. Bb5+ Bd7 6. Bxd7+ Nxd7 7. Nf3 cxd4
8. Qxd4 Qxd4 9. Nxd4 a6 10. O-O Bc5 11. Nc3 Bb6 12. Nb3 Ngf6 13. Bg5 O-O-O 14.
Rad1 Nc5 15. Nxc5 Bxc5 16. Bxf6 gxf6 17. Rxd8+ Rxd8 18. Rd1 Bd4 19. Rd3 Bxc3
20. Rxc3+ Kb8 21. Kf1 b5 22. Ke2 Kb7 23. Rh3 Rh8 24. g4 h6 25. f4 Kc6 26. Rh5
Rg8 27. Kf3 1/2-1/2

[Event "PRAGUE OPEN 2020 - B - FIDE open"]
[Site "Praha, Olympik hotel"]
[Date "2020.01.15"]
[Round "7"]
[White "LOBUNETS, Vladimir"]
[Black "BEZDEK, Tomas"]
[Result "1/2-1/2"]
[WhiteElo "1791"]
[BlackElo "1255"]
[PlyCount "64"]
[EventDate "2020.01.10"]

1. d4 d5 2. Nf3 Bf5 3. c4 e6 4. e3 c5 5. cxd5 exd5 6. Bb5+ Nc6 7. Nc3 a6 8. Bd3
cxd4 9. Bxf5 dxc3 10. O-O g6 11. Bc2 Bg7 12. bxc3 Nf6 13. Rb1 Qc7 14. Ba3 Ne7
15. Qd3 O-O 16. Bxe7 Qxe7 17. c4 dxc4 18. Qxc4 b5 19. Qh4 Nd5 20. Qxe7 Nxe7 21.
a4 Rab8 22. axb5 Rxb5 23. Rxb5 axb5 24. Rb1 Rb8 25. Bb3 h6 26. Kf1 Bc3 27. Nd4
b4 28. Ke2 Rd8 29. Rd1 Nc8 30. Nb5 Rxd1 31. Kxd1 Be5 32. h3 Nd6 1/2-1/2

[Event "PRAGUE OPEN 2020 - B - FIDE open"]
[Site "Praha, Olympik hotel"]
[Date "2020.01.15"]
[Round "7"]
[White "LOIBL, Johann"]
[Black "STRATE, Wolfgang"]
[Result "1-0"]
[WhiteElo "1817"]
[BlackElo "1601"]
[PlyCount "39"]
[EventDate "2020.01.10"]

1. e4 d5 2. exd5 Qxd5 3. Nc3 Qa5 4. d4 c6 5. Nf3 Bg4 6. a3 Bh5 7. Be2 Nd7 8.
O-O Ngf6 9. Ne5 Bxe2 10. Qxe2 e6 11. Re1 Be7 12. Nxf7 Kxf7 13. Qxe6+ Kg6 14.
Re3 h6 15. Qxe7 Rhg8 16. Rg3+ Kh7 17. Qf7 Qf5 18. Qb3 Rge8 19. Bd2 Nb6 20. Qf7
1-0

[Event "PRAGUE OPEN 2020 - B - FIDE open"]
[Site "Praha, Olympik hotel"]
[Date "2020.01.15"]
[Round "7"]
[White "RENKENS, Stef"]
[Black "MITHULA, Venugopal Srinivasan"]
[Result "1/2-1/2"]
[WhiteElo "1668"]
[BlackElo "1356"]
[PlyCount "60"]
[EventDate "2020.01.10"]

1. e4 c5 2. Nf3 e6 3. c3 a6 4. d4 cxd4 5. cxd4 Qc7 6. Nc3 Nc6 7. Be3 Bb4 8. Rc1
Nf6 9. Bd3 d6 10. h3 h6 11. O-O O-O 12. a3 Bxc3 13. Rxc3 Bd7 14. Bb1 d5 15. Qc1
Nxe4 16. Bxe4 dxe4 17. Ne5 Qd8 18. Nxc6 Bxc6 19. Bxh6 Kh7 20. Be3 Rc8 21. Qd1
Qh4 22. Bc1 Rh8 23. Rg3 f6 24. Qg4 Qxg4 25. Rxg4 Bb5 26. Re1 f5 27. Rh4+ Kg8
28. Rxh8+ Kxh8 29. Bd2 Bd3 30. Bc3 Kg8 1/2-1/2

[Event "PRAGUE OPEN 2020 - B - FIDE open"]
[Site "Praha, Olympik hotel"]
[Date "2020.01.15"]
[Round "7"]
[White "SCHOEPPE, Christian"]
[Black "SIMKIN, Alexander"]
[Result "1/2-1/2"]
[WhiteElo "1490"]
[BlackElo "1815"]
[PlyCount "75"]
[EventDate "2020.01.10"]

1. Nf3 Nf6 2. g3 d5 3. c3 e6 4. Bg2 Bd6 5. d3 O-O 6. Qc2 c6 7. e4 Qc7 8. Bg5
Nbd7 9. Nbd2 h6 10. Be3 Ng4 11. O-O-O a5 12. d4 Nxe3 13. fxe3 e5 14. Rdf1 Nf6
15. dxe5 Bxe5 16. Nxe5 Qxe5 17. Rf4 b5 18. Nf3 Qe7 19. Nd4 Bd7 20. Re1 g5 21.
Rf5 c5 22. e5 Ne4 23. e6 Bxe6 24. Nxe6 Qxe6 25. Ref1 f6 26. Qe2 c4 27. Qg4 Rae8
28. h4 Qb6 29. Qh5 Kg7 30. hxg5 hxg5 31. Bxe4 dxe4 32. Rd1 Qe6 33. Rxb5 Rh8 34.
Rb7+ Re7 35. Rxe7+ Qxe7 36. Qg4 Rd8 37. Rxd8 Qxd8 38. Qxe4 1/2-1/2

[Event "PRAGUE OPEN 2020 - A - IM open"]
[Site "?"]
[Date "2020.01.16"]
[Round "8"]
[White "Quesada Perez, Luis Ernesto"]
[Black "Vignesh, B"]
[Result "1-0"]
[BlackElo "2250"]
[WhiteElo "2491"]
[LiveChessVersion "1.4.8"]

1. Nf3 {[%clk 1:30:46]} Nf6 {[%clk 1:30:47]} 2. c4 {[%clk 1:31:05]} e6
{[%clk 1:31:09]} 3. g3 {[%clk 1:31:28]} d5 {[%clk 1:31:31]} 4. Bg2
{[%clk 1:31:31]} Be7 {[%clk 1:31:52]} 5. O-O {[%clk 1:31:49]} O-O
{[%clk 1:32:13]} 6. b3 {[%clk 1:32:17]} c5 {[%clk 1:32:31]} 7. Bb2
{[%clk 1:32:37]} Nc6 {[%clk 1:32:52]} 8. e3 {[%clk 1:30:29]} b6 {[%clk 1:27:15]}
9. Nc3 {[%clk 1:30:16]} dxc4 {[%clk 1:20:28]} 10. bxc4 {[%clk 1:30:38]} Bb7
{[%clk 1:20:51]} 11. Qe2 {[%clk 1:29:46]} Qc8 {[%clk 1:05:12]} 12. Ne1
{[%clk 1:26:16]} Rd8 {[%clk 1:04:13]} 13. f4 {[%clk 1:24:58]} Na5
{[%clk 1:02:28]} 14. Rd1 {[%clk 1:23:27]} Bxg2 {[%clk 0:59:23]} 15. Nxg2
{[%clk 1:23:25]} a6 {[%clk 0:59:20]} 16. a4 {[%clk 1:23:34]} Nc6 {[%clk 0:58:52]}
17. g4 {[%clk 1:23:37]} Nb4 {[%clk 0:48:40]} 18. g5 {[%clk 1:20:55]} Ne8
{[%clk 0:49:08]} 19. h4 {[%clk 1:20:08]} Nd3 {[%clk 0:41:35]} 20. Ba1
{[%clk 1:20:00]} b5 {[%clk 0:40:56]} 21. axb5 {[%clk 1:19:27]} axb5
{[%clk 0:41:21]} 22. Nxb5 {[%clk 1:15:39]} Qc6 {[%clk 0:37:07]} 23. Ne1
{[%clk 1:09:30]} Qe4 {[%clk 0:35:56]} 24. Nxd3 {[%clk 1:09:38]} Rxd3
{[%clk 0:36:24]} 25. Qf3 {[%clk 1:06:30]} Qxf3 {[%clk 0:36:27]} 26. Rxf3
{[%clk 1:06:59]} Ra4 {[%clk 0:36:11]} 27. Bc3 {[%clk 1:07:03]} Nd6
{[%clk 0:29:45]} 28. Nxd6 {[%clk 1:06:56]} Rxd6 {[%clk 0:30:13]} 29. Kf1
{[%clk 1:02:15]} g6 {[%clk 0:12:11]} 30. h5 {[%clk 0:59:59]} gxh5
{[%clk 0:12:23]} 31. Rh3 {[%clk 0:54:38]} Bf8 {[%clk 0:12:38]} 32. Rb1
{[%clk 0:54:14]} Rd8 {[%clk 0:12:50]} 33. Ke2 {[%clk 0:53:55]} Bg7
{[%clk 0:13:16]} 34. Bf6 {[%clk 0:54:18]} Rd7 {[%clk 0:10:19]} 35. Rxh5
{[%clk 0:52:15]} Ra2 {[%clk 0:10:42]} 36. Kf3 {[%clk 0:48:35]} Rdxd2
{[%clk 0:10:51]} 37. Rb8+ {[%clk 0:48:42]} Bf8 {[%clk 0:11:06]} 38. Be7
{[%clk 0:49:02]} f5 {[%clk 0:11:25]} 39. gxf6 {[%clk 0:49:25]} 1-0

[Event "PRAGUE OPEN 2020 - A - IM open"]
[Site "?"]
[Date "2020.01.16"]
[Round "8"]
[White "Budnikov, Oleg"]
[Black "Lalic, Bogdan"]
[Result "1/2-1/2"]
[BlackElo "2402"]
[WhiteElo "2432"]
[LiveChessVersion "1.4.8"]

1. Nf3 {[%clk 1:30:54]} Nf6 {[%clk 1:30:51]} 2. c4 {[%clk 1:31:10]} b6
{[%clk 1:31:12]} 3. g3 {[%clk 1:31:21]} Bb7 {[%clk 1:31:34]} 4. Bg2
{[%clk 1:31:40]} g6 {[%clk 1:31:51]} 5. O-O {[%clk 1:31:56]} Bg7 {[%clk 1:32:15]}
6. Nc3 {[%clk 1:30:37]} O-O {[%clk 1:32:34]} 7. Re1 {[%clk 1:30:18]} Ne4
{[%clk 1:32:31]} 8. Qc2 {[%clk 1:20:25]} Nxc3 {[%clk 1:32:45]} 9. dxc3
{[%clk 1:20:47]} d6 {[%clk 1:31:57]} 10. h4 {[%clk 1:20:01]} Nd7 {[%clk 1:31:51]}
11. h5 {[%clk 1:20:20]} Nf6 {[%clk 1:30:42]} 12. hxg6 {[%clk 1:20:41]} hxg6
{[%clk 1:31:08]} 13. e4 {[%clk 1:15:56]} e5 {[%clk 1:30:33]} 14. Nh4
{[%clk 1:11:49]} Nh7 {[%clk 1:28:24]} 15. Be3 {[%clk 1:11:14]} Ng5
{[%clk 1:26:51]} 16. Rad1 {[%clk 1:05:03]} Qe7 {[%clk 1:22:58]} 17. Bc1
{[%clk 0:50:06]} Rfe8 {[%clk 1:17:35]} 18. Qd2 {[%clk 0:42:27]} Ne6
{[%clk 1:16:19]} 19. Nf3 {[%clk 0:41:54]} a5 {[%clk 1:11:53]} 20. Qc2
{[%clk 0:40:53]} Nc5 {[%clk 1:04:10]} 21. Bg5 {[%clk 0:36:24]} Bf6
{[%clk 1:01:37]} 22. Bc1 {[%clk 0:31:34]} Bg7 {[%clk 1:01:38]} 23. b3
{[%clk 0:28:59]} Rf8 {[%clk 0:56:15]} 24. Nh4 {[%clk 0:27:01]} Bf6
{[%clk 0:54:20]} 25. Nf3 {[%clk 0:21:07]} Bg7 {[%clk 0:54:35]} 1/2-1/2